Kỹ thuật gây nuôi một số loài đặc sản

সংরক্ষণ করুন:
গ্রন্থ-পঞ্জীর বিবরন
প্রধান লেখক: Phạm, Trang
বিন্যাস: গ্রন্থ
ভাষা:Undetermined
প্রকাশিত: Hà Nội Nông Nghiệp 2004
বিষয়গুলি:
ট্যাগগুলো: ট্যাগ যুক্ত করুন
কোনো ট্যাগ নেই, প্রথমজন হিসাবে ট্যাগ করুন!
Thư viện lưu trữ: Trung tâm Học liệu Trường Đại học Cần Thơ
LEADER 00554nam a2200193Ia 4500
001 CTU_74513
008 210402s9999 xx 000 0 und d
020 |c 12000 
082 |a 639.31 
082 |b Tr106 
100 |a Phạm, Trang 
245 0 |a Kỹ thuật gây nuôi một số loài đặc sản 
245 0 |c Phạm Trang 
260 |a Hà Nội 
260 |b Nông Nghiệp 
260 |c 2004 
650 |a Freshwater fishes,Shrimps,Turtle culture 
904 |i Năm 
980 |a Trung tâm Học liệu Trường Đại học Cần Thơ